Вып. 14; Научно-методическая серия

Bibliografske podrobnosti
Parent link:Научно-методическая серия: [сборник статей]/ Киевский политехнический институт (КПИ). Вып. 14.— , 1977-1991
Drugi avtorji: Корнейчук В. И. (редактор)
Jezik:ruščina
Izdano: Киев, Лыбидь, 1990
Teme:
Format: Knjiga
KOHA link:https://koha.lib.tpu.ru/cgi-bin/koha/opac-detail.pl?biblionumber=241031

MARC

LEADER 00000nam2a2200000 4500
001 241031
005 20231101231802.0
035 |a (RuTPU)RU\TPU\book\262296 
035 |a RU\TPU\book\219792 
090 |a 241031 
100 |a 20130701d1990 k y0rusy50 ca 
101 0 |a rus 
102 |a UA 
105 |a a z 001zy 
200 0 |a Вып. 14  |f отв. ред. В. И. Корнейчук 
210 |a Киев  |c Лыбидь  |d 1990 
215 |a 67 с.  |c ил. 
320 |a Библиография в конце статей 
461 1 |0 (RuTPU)RU\TPU\book\219011  |t Научно-методическая серия  |o [сборник статей]  |f Киевский политехнический институт (КПИ)  |v Вып. 14  |d 1977-1991  |s Вестник Киевского политехнического института 
606 1 |a Методика преподавания  |x В высшей школе  |x Отдельные предметы  |2 stltpush  |3 (RuTPU)RU\TPU\subj\43484  |9 62978 
610 1 |a лекции 
610 1 |a самостоятельная работа 
610 1 |a иностранные языки 
610 1 |a качество 
610 1 |a техническое обеспечение 
610 1 |a программное обеспечение 
610 1 |a автоматизированные обучающие системы 
610 1 |a высшая школа 
610 1 |a высшее техническое образование 
686 |a Ч486  |2 rubbk 
702 1 |a Корнейчук  |b В. И.  |4 340 
801 1 |a RU  |b 63413507  |c 20080418  |g PSBO 
801 2 |a RU  |b 63413507  |c 20151110  |g PSBO 
942 |c BK